000 00434nam a22001697a 4500
003 OSt
008 250227b |||||||| |||| 00| 0 eng d
041 _aeng
100 _aErdman, Arthur G.
_97260
245 _aMechanism Design: Analysis and Synthesis Vol.1
250 _a4th
260 _bPrentice Hall, New Jersey,
_c2001.
300 _a666p.
700 _aSandore, George N
_97261
700 _aKota, Sridhar
_97262
942 _cBK
999 _c19455
_d19455